Options in speech therapy intervention from an early age to adulthood /

Hlavní autor: Bočková, Barbora
Další autoři: Bytešníková, Ilona, 1972-, Horáková, Radka, 1979-, Kopečný, Petr, 1987-, Kovařík, Petr
Jazyk: Angličtina
Vydáno: Brno : Masaryk University, 2016
Vydání: 1st edition
Témata:
Fyzický popis: 187 stran : ilustrace ; 25 cm
Knihy
Uloženo v:
LEADER 02176nam a2200565 i 4500
001 nkc20172879186
003 CZ PrNK
005 20180416111749.0
007 ta
008 170207s2016 xr a f 001 0 eng
015 |a cnb002879186 
020 |a 978-80-210-8411-7  |q (brožováno) 
035 |a (OCoLC)982100813 
040 |a OLA001  |b cze  |d ABA001  |e rda 
041 1 |a eng  |h cze 
072 7 |a 376  |x Výchova a vzdělávání zvláštních skupin osob  |2 Konspekt  |9 22 
080 |a 616.22-008.5  |2 MRF 
080 |a 616.89-008.434  |2 MRF 
080 |a 376.1-056.264  |2 MRF 
080 |a (048.8:082)  |2 MRF 
100 1 |a Bočková, Barbora  |7 xx0090858  |4 aut 
245 1 0 |a Options in speech therapy intervention from an early age to adulthood /  |c Barbora Bočková, Ilona Bytešníková, Radka Horáková, Petr Kopečný ; translated by Petr Kovařík 
250 |a 1st edition 
264 1 |a Brno :  |b Masaryk University,  |c 2016 
300 |a 187 stran :  |b ilustrace ;  |c 25 cm 
336 |a text  |b txt  |2 rdacontent 
337 |a bez média  |b n  |2 rdamedia 
338 |a svazek  |b nc  |2 rdacarrier 
500 |a Přeloženo z češtiny 
500 |a 200 výtisků 
504 |a Obsahuje bibliografii, bibliografické odkazy a rejstříky 
650 0 7 |a poruchy řeči  |7 ph124391  |2 czenas 
650 0 7 |a poruchy komunikace  |7 ph205080  |2 czenas 
650 0 7 |a logopedie  |7 ph117229  |2 czenas 
650 0 9 |a speech disorders  |2 eczenas 
650 0 9 |a communicative disorders  |2 eczenas 
650 0 9 |a speech therapy  |2 eczenas 
655 7 |a kolektivní monografie  |7 fd501537  |2 czenas 
655 9 |a collective monographs  |2 eczenas 
700 1 |a Bytešníková, Ilona,  |d 1972-  |7 pna2007403789  |4 aut 
700 1 |a Horáková, Radka,  |d 1979-  |7 xx0052648  |4 aut 
700 1 |a Kopečný, Petr,  |d 1987-  |7 mub2013772923  |4 trl 
700 1 |a Kovařík, Petr  |4 trl 
910 2 |a BOA001  |b 2-1382.506 
928 9 |a Masarykova univerzita 
990 |a BK 
995 |a 01 
991 |b 201702  |c NOV 
996 6 |b 2610697291  |c 2-1382.506  |l MZK  |r Sklad / do 1 hodiny  |n 6  |p p.v.  |w 001599586  |u 000010  |a 1  |e BOA001  |j MZK50  |s P 
996 7 |b 2610697292  |c 2-1382.506  |l MZK  |r Sklad / do 1 hodiny  |n 14  |p p.v.  |w 001599586  |u 000020  |a 1  |e BOA001  |j MZK50  |s A